<?xml version="1.0" encoding="UTF-8"?>
<record
    xmlns:xsi="http://www.w3.org/2001/XMLSchema-instance"
    xsi:schemaLocation="http://www.loc.gov/MARC21/slim http://www.loc.gov/standards/marcxml/schema/MARC21slim.xsd"
    xmlns="http://www.loc.gov/MARC21/slim">

  <leader>02625cam a2200373 i 4500</leader>
  <controlfield tag="001">21541305</controlfield>
  <controlfield tag="005">20240305165658.0</controlfield>
  <controlfield tag="006">m     o  d        </controlfield>
  <controlfield tag="007">cr un ---uuuua</controlfield>
  <controlfield tag="008">200406s2018    ck      ob    000 0 spa d</controlfield>
  <datafield tag="010" ind1=" " ind2=" ">
    <subfield code="a">  2020399465</subfield>
  </datafield>
  <datafield tag="020" ind1=" " ind2=" ">
    <subfield code="a">9789585453579</subfield>
    <subfield code="q">(paperback)</subfield>
  </datafield>
  <datafield tag="020" ind1=" " ind2=" ">
    <subfield code="z">9789585453586</subfield>
    <subfield code="q">(electronic book)</subfield>
  </datafield>
  <datafield tag="035" ind1=" " ind2=" ">
    <subfield code="a">40460</subfield>
  </datafield>
  <datafield tag="040" ind1=" " ind2=" ">
    <subfield code="a">UtOrBLW</subfield>
    <subfield code="b">eng</subfield>
    <subfield code="e">rda</subfield>
    <subfield code="c">UtOrBLW</subfield>
  </datafield>
  <datafield tag="042" ind1=" " ind2=" ">
    <subfield code="a">pcc</subfield>
  </datafield>
  <datafield tag="043" ind1=" " ind2=" ">
    <subfield code="a">s-ck---</subfield>
  </datafield>
  <datafield tag="050" ind1="0" ind2="0">
    <subfield code="a">KHH292</subfield>
    <subfield code="b">.I57 2018</subfield>
  </datafield>
  <datafield tag="082" ind1="0" ind2="4">
    <subfield code="a">340.115</subfield>
    <subfield code="2">23</subfield>
  </datafield>
  <datafield tag="245" ind1="0" ind2="0">
    <subfield code="a">Instituciones jur&#xED;dicas colombianas :</subfield>
    <subfield code="b">aproximaciones hist&#xF3;ricas /</subfield>
    <subfield code="c">Luis Freddyur Tovar [and 11 others] ; Facultad de Humanidades y Ciencias Sociales, Departamento de Ciencia Jur&#xED;dica y Pol&#xED;tica.</subfield>
  </datafield>
  <datafield tag="264" ind1=" " ind2="1">
    <subfield code="a">Cali :</subfield>
    <subfield code="b">Pontificia Universidad Javeriana,</subfield>
    <subfield code="c">2018.</subfield>
  </datafield>
  <datafield tag="300" ind1=" " ind2=" ">
    <subfield code="a">1 online resource (384 pages)</subfield>
  </datafield>
  <datafield tag="336" ind1=" " ind2=" ">
    <subfield code="a">text</subfield>
    <subfield code="b">txt</subfield>
    <subfield code="2">rdacontent</subfield>
  </datafield>
  <datafield tag="337" ind1=" " ind2=" ">
    <subfield code="a">computer</subfield>
    <subfield code="b">c</subfield>
    <subfield code="2">rdamedia</subfield>
  </datafield>
  <datafield tag="338" ind1=" " ind2=" ">
    <subfield code="a">online resource</subfield>
    <subfield code="b">cr</subfield>
    <subfield code="2">rdacarrier</subfield>
  </datafield>
  <datafield tag="504" ind1=" " ind2=" ">
    <subfield code="a">Includes bibliographical references.</subfield>
  </datafield>
  <datafield tag="505" ind1="0" ind2=" ">
    <subfield code="a">La interpretaci&#xF3;n de la historia como par&#xE1;metro epist&#xE9;mico para la investigaci&#xF3;n jur&#xED;dica / Liliana Ortiz Bola&#xF1;os, Juan Pablo Dom&#xED;nguez Angulo -- La soberan&#xED;a en Colombia: entre la teocracia y el ejercicio secular / Luis Freddyur Tovar, Lisbeth Garc&#xED;a Rubio -- An&#xE1;lisis hist&#xF3;rico sobre la incorporaci&#xF3;n del derecho internacional en las constituciones colombianas anteriores a la Constituci&#xF3;n Pol&#xED;tica de 1991 / Ra&#xFA;l Fernando N&#xFA;&#xF1;ez Mar&#xED;n, Mar&#xED;a Alejandra Ar&#xE9;valo Moscoso -- Comparaci&#xF3;n hist&#xF3;rica e institucional de los procesos de integraci&#xF3;n regional de la Uni&#xF3;n Europea y Mercosur a la luz de las teor&#xED;as de las relaciones internacionales / Francesco Zappal&#xE1; Sastoque, Claudia Lorena Esquivel Garc&#xED;a -- 'La libertad' religiosa en las constituciones de Colombia (1821-1843) / Javier Felipe Hern&#xE1;ndez Osorio, Diego Agudelo Grajales -- Esbozos hist&#xF3;ricos de la causalidad en la responsabilidad del Estado en Colombia / Juan Pablo Dom&#xED;nguez Angulo, Liliana Ortiz Bola&#xF1;os -- Historia del contrato de trabajo en Colombia / Iv&#xE1;n Alberto D&#xED;az Guti&#xE9;rrez, Luis Freddyur Tovar -- Brev&#xED;sima historia del arbitraje en l&#xED;nea como medio de protecci&#xF3;n al consumidor en Colombia desde una perspectiva estrictamente legal / Santiago Duss&#xE1;n Laverde, Francesco Zappal&#xE1; Sastoque.</subfield>
  </datafield>
  <datafield tag="650" ind1=" " ind2="0">
    <subfield code="a">Law</subfield>
    <subfield code="z">Colombia</subfield>
    <subfield code="x">History.</subfield>
  </datafield>
  <datafield tag="650" ind1=" " ind2="0">
    <subfield code="a">Constitutional history</subfield>
    <subfield code="z">Colombia.</subfield>
  </datafield>
  <datafield tag="710" ind1="2" ind2=" ">
    <subfield code="a">Pontificia Universidad Javeriana.</subfield>
    <subfield code="b">Facultad de Ciencias Jur&#xED;dicas</subfield>
  </datafield>
  <datafield tag="856" ind1="4" ind2="1">
    <subfield code="u">http://hdl.handle.net/11522/13690</subfield>
  </datafield>
  <datafield tag="856" ind1="4" ind2="0">
    <subfield code="u">https://app.vlex.com/#/sources/40460</subfield>
  </datafield>
  <datafield tag="942" ind1=" " ind2=" ">
    <subfield code="c">RAA</subfield>
  </datafield>
  <datafield tag="952" ind1=" " ind2=" ">
    <subfield code="0">0</subfield>
    <subfield code="1">0</subfield>
    <subfield code="4">0</subfield>
    <subfield code="7">0</subfield>
    <subfield code="8">VLEX</subfield>
    <subfield code="9">331154</subfield>
    <subfield code="a">BD-UIN</subfield>
    <subfield code="b">BD-UIN</subfield>
    <subfield code="d">2024-03-05</subfield>
    <subfield code="l">0</subfield>
    <subfield code="p">40460</subfield>
    <subfield code="r">2024-03-05</subfield>
    <subfield code="w">2024-03-05</subfield>
    <subfield code="y">RAA</subfield>
  </datafield>
  <datafield tag="999" ind1=" " ind2=" ">
    <subfield code="c">173247</subfield>
    <subfield code="d">173247</subfield>
  </datafield>
</record>
